书目信息 |
| 题名: |
假话国历险记
|
|
| 作者: | 罗大里 著 | |
| 分册: | ||
| 出版信息: | 北京 北京理工大学出版社 2009.05 |
|
| 页数: | 176页 | |
| 开本: | 24cm | |
| 丛书名: | 阅读快车·游记号 | |
| 单 册: | ||
| 中图分类: | I512.45 | |
| 科图分类: | ||
| 主题词: | 科学幻想小说--ke xue huan xiang xiao shuo--法国--近代--缩写本 | |
| 电子资源: | ||
| ISBN: | 978-7-5640-2241-9 | |
| 000 | 01082nam 2200265 450 | |
| 001 | 012009064922 | |
| 005 | 20091126095640.65 | |
| 010 | @a978-7-5640-2241-9@dCNY15.00 | |
| 100 | @a20091124d2009 em y0chiy0120 ea | |
| 101 | 1 | @achi@cita |
| 102 | @aCN@b110000 | |
| 105 | @aa z 000ay | |
| 106 | @ar | |
| 200 | 1 | @a假话国历险记@Ajia hua guo li xian ji@f(意) 贾尼·罗大里著@F(yi)jia ni·luo da li zhu@g《阅读快车》编委会编著@G《yue du kuai che》bian wei hui bian zhu |
| 210 | @a北京@c北京理工大学出版社@d2009.05 | |
| 215 | @a176页@c图@d24cm | |
| 225 | 2 | @a阅读快车·游记号@Ayue du kuai che·you ji hao@h4 |
| 300 | @a教之星阅读越快乐 | |
| 330 | @a一个天生大嗓门的孩子,遭遇一个由海盗建立的处处说假话的王国,在这个王国里黑白颠倒,是非不分,连猫和狗都耻于说真话。“大嗓门”是真的因为嗓门大而震塌了疯人院,救出了老大娘…… | |
| 410 | 0 | @12001 @a阅读快车·游记号 |
| 606 | 0 | @a科学幻想小说@Ake xue huan xiang xiao shuo@y法国@z近代@x缩写本 |
| 690 | @aI512.45@v4 | |
| 701 | 1 | @a罗大里@Aluo da li@b贾尼@4著 |
| 801 | 0 | @aCN@bQSSK@c20091126 |
| 905 | @b765233-35@dI512.45@eL933@f3 | |
| 假话国历险记/(意) 贾尼·罗大里著/《阅读快车》编委会编著.-北京:北京理工大学出版社,2009.05 |
| 176页:图;24cm.-(阅读快车·游记号.4) |
| 教之星阅读越快乐 |
| ISBN 978-7-5640-2241-9:CNY15.00 |
| 一个天生大嗓门的孩子,遭遇一个由海盗建立的处处说假话的王国,在这个王国里黑白颠倒,是非不分,连猫和狗都耻于说真话。“大嗓门”是真的因为嗓门大而震塌了疯人院,救出了老大娘…… |
| ● |
| 相关链接 |
|
|
|
正题名:假话国历险记
索取号:I512.45/L933
 
预约/预借
| 序号 | 登录号 | 条形码 | 馆藏地/架位号 | 状态 | 备注 |
| 1 | 765233 | 207652333 | 文学库116/116文学库 17排1列6层/ [索取号:I512.45/L933] | 在馆 | |
| 2 | 765234 | 207652342 | 社科二线422/116文学库 17排1列6层/ [索取号:I512.45/L933] | 在馆 | |
| 3 | 765235 | 207652351 | 文学库116/116文学库 17排1列6层/ [索取号:I512.45/L933] | 在馆 |